| 000 | 01062nac a22002771u 4500 | ||
|---|---|---|---|
| 010 | _a66029476 | ||
| 020 | _a0070993483 | ||
| 082 | 0 | 0 |
_a671.25 _bHEI |
| 090 |
_c985 _d985 |
||
| 100 | _aHeine, Richard W. | ||
| 245 | 1 | 0 |
_aPrinciples of metal casting _c[by] Richard W. Heine, Carl R. Loper, Jr. [and] Philip C. Rosenthal. |
| 250 | _a2nd ed. | ||
| 260 |
_aNew Delhi : _bTata McGraw-Hill Pub. Co.,[c1967] _c[c1967] |
||
| 300 |
_a736 p.: _bill.; _c23 cm. |
||
| 500 | _aReprint of the 1955 ed. | ||
| 504 | _aIncludes bibliographies. | ||
| 511 | _aCatalogued by: wessam | ||
| 650 | 0 | _aFounding. | |
| 650 | 0 | _aMetal castings. | |
| 700 | 1 | _aLoper, Carl R., | |
| 700 | 1 | _aRosenthal, Philip C., | |
| 942 |
_cBB _k671.25HEI |
||
| 999 |
_c985 _d985 |
||